Amsterdam Metro Stations on a Map - Statistics

General Stats
  • This quiz has been taken 1,011 times
  • The average score is 41 of 76
Answers on the Map
Answers color-coded by a green-red scale on the quiz's map according to % correct below.
 
Answer Stats
Answer % Correct
Centraal
97%
Centraal
97%
Centraal
97%
Centraal
97%
Amsterdam Zuid
88%
Amsterdam Zuid
88%
Amsterdam Zuid
88%
Noord
84%
Amstel
75%
Amstel
75%
Amstel
75%
Rokin
72%
Gein
70%
Gein
70%
Bijlmer Arena
69%
RAI
69%
RAI
69%
Sloterdijk
69%
Sloterdijk
69%
De Pijp
68%
Isolatorweg
66%
Isolatorweg
66%
Waterlooplein
62%
Waterlooplein
62%
Waterlooplein
62%
Nieuwmarkt
60%
Nieuwmarkt
60%
Nieuwmarkt
60%
Weesperplein
60%
Weesperplein
60%
Weesperplein
60%
Lelylaan
59%
Lelylaan
59%
Europaplein
58%
Duivendrecht
57%
Duivendrecht
57%
Noorderpark
57%
Vijzelgracht
57%
Gaasperplas
54%
Wibautstraat
52%
Wibautstraat
52%
Wibautstraat
52%
Holendrecht
50%
Holendrecht
50%
Overamstel
50%
Overamstel
50%
Van der Madeweg
50%
Van der Madeweg
50%
Amstelveenseweg
48%
Amstelveenseweg
48%
Diemen Zuid
48%
Spaklerweg
47%
Spaklerweg
47%
Spaklerweg
47%
Jan van Galenstraat
38%
Jan van Galenstraat
38%
Postjesweg
37%
Postjesweg
37%
Strandvliet
37%
Strandvliet
37%
Henk Sneevlietweg
36%
Henk Sneevlietweg
36%
Kraaiennest
36%
Bullewijk
35%
Bullewijk
35%
Heemstedestraat
31%
Heemstedestraat
31%
Reigersbos
31%
Reigersbos
31%
Venserpolder
29%
Ganzenhoef
28%
De Vlugtlaan
27%
De Vlugtlaan
27%
Verrijn Stuartweg
25%
Bjlmer
1%
Van Der Madewag
1%
No matching quizzes found
Score Distribution
Percent of People with Each Score
Percentile by Number Answered
Your Score History
You have not taken this quiz